| 000 | 00434nam a22001817a 4500 | ||
|---|---|---|---|
| 003 | koha_MIRAKIL | ||
| 005 | 20231213095850.0 | ||
| 008 | 231213b |||||||| |||| 00| 0 ||| d | ||
| 020 | _b978-9-94469069-0 | ||
| 040 |
_aTR-IsEVY _btur _cTR-IsEVY |
||
| 082 | _a590 NOV/İ | ||
| 100 | _aNovick, Mary. | ||
| 245 | 0 |
_aİki kat eğlence _bhayvanlar |
|
| 260 |
_bTudem, _c2009 |
||
| 300 | _a14 | ||
| 650 | _aZooloji. | ||
| 942 |
_2ddc _cBK |
||
| 999 |
_c10724 _d10724 |
||